Clinical significance of serum ferritin in leukaemias (Record no. 74604)

MARC details
000 -LEADER
fixed length control field 00328nam a2200133Ia 4500
008 - FIXED-LENGTH DATA ELEMENTS--GENERAL INFORMATION
fixed length control field 230917s9999||||xx |||||||||||||| ||und||
040 ## - CATALOGING SOURCE
-- 93590
Original cataloging agency VIVEKANANDA LIBRARY
041 ## - Language
-- English
082 ## - DDC NUMBER
Classification number 610 R145C
100 ## - MAIN ENTRY--PERSONAL NAME
Personal name Raminder Singh
245 #0 - TITLE STATEMENT
Title Clinical significance of serum ferritin in leukaemias
300 ## - PHYSICAL DESCRIPTION
Pages 87 p.
942 ## - ADDED ENTRY ELEMENTS (KOHA)
Koha item type Thesis
Holdings
Withdrawn status Lost status Damaged status Not for loan Location (home branch) Sublocation or collection (holding branch) Date acquired Koha issues (times borrowed) Koha full call number Accession No. Koha date last seen Koha item type
        VIVEKANANDA LIBRARY VIVEKANANDA LIBRARY 03/05/2012   610 R145C 149500 17/09/2023 Thesis
        VIVEKANANDA LIBRARY VIVEKANANDA LIBRARY 03/05/2012   610 R145C 155053 17/09/2023 Thesis
© Designed and Maintained by Vivekananda Library, MDU Rohtak